| 000 | 00830nam a2200253Ia 4500 | ||
|---|---|---|---|
| 003 | OSt | ||
| 005 | 20260317111910.0 | ||
| 008 | 210716s2002 xx 000 0 und d | ||
| 020 | _a8178083477 | ||
| 040 | _cAIMIT LIBRARY | ||
| 041 | _aeng | ||
| 082 |
_a511.3 _22 _bHOPJ |
||
| 100 |
_aHopcroft, John E. _9258794 |
||
| 245 |
_aIntroduction to automata theory languages and computation / _cBy John E Hopcroft, Rajeev Motwani and Jeffrey D Ullman. |
||
| 250 | _a2nd ed. | ||
| 260 |
_aNew Delhi : _bPearson Education , _c2002. |
||
| 300 |
_axiv,521p. ; _bPB _c24.5 cm |
||
| 650 |
_aRegular expressions and languages _9258795 |
||
| 650 |
_aPushdown automata _9258796 |
||
| 650 |
_aIntratable problems _9258797 |
||
| 700 |
_aMotwani, Rajeev. _9258798 |
||
| 700 |
_aUllman, Jeffrey D. _9258799 |
||
| 942 |
_2ddc _cBK _e1st _k511.3 HOPJ |
||
| 999 |
_c184967 _d184967 |
||